Inglês - Statistics

Estatísticas Gerais
  • Esse quiz foi jogado 446 vezes
  • A pontuação média é 13 de 15
Estatísticas das Respostas
Hint Resposta % Correto
O quê? What
99%
Porta Door
96%
Casa House
96%
Magia Magic
93%
Açúcar Sugar
93%
Hoje Today
93%
Salada Salad
91%
Cantar Sing
91%
Gelo Ice
90%
Arroz Rice
89%
Falar Speak
88%
Nervoso Nervous
83%
Lado Side
79%
Mala Bag
67%
Vergonha Shame
59%
Nenhum quiz correspondente encontrado
Distribuição das Pontuações
Porcentagem de Pessoas com Cada Pontuação
Percentil de Números Respondidos
Sua Pontuação Histórica
Você não jogou esse quiz